Normal view
MARC view
Entry Geographic Name
001 - CONTROL NUMBER
- control field: 228596
003 - CONTROL NUMBER IDENTIFIER
- control field:
005 - DATE AND TIME OF LATEST TRANSACTION
- control field: 20210601202908.0
008 - FIXED-LENGTH DATA ELEMENTS
- fixed length control field: 210601|| aca||aabn | a|a d
040 ## - CATALOGING SOURCE
- Original cataloging agency:
- Transcribing agency:
151 ## - HEADING--GEOGRAPHIC NAME
- Geographic name: Great Britain
- General subdivision: Foreign relations
- Geographic subdivision: Syria
- Chronological subdivision: 1906-1914
670 ## - SOURCE DATA FOUND
- Source citation: Work cat.: (): Khalidi, Rashid Ismail 228595, British policy towards Syria and Patestine 1906-1914 :, 1980
